000 00679nam a22002537a 4500
001 454
005 20230425093549.0
008 230425b cb ||||| |||| 00| 0 eng d
040 _aFISKH
_cFISKH
_dFISKH
050 _aPZ7
082 _a813.6
100 _ad'Aulnoy, Madame
245 _aThe green serpent :
_cMadame d'Aulnoy
260 _aSeoul
_bXACT.
_c2009.
300 _a34 pages.
_c21 cm.
505 _aD
520 _aAn ugly princess is jealous of her beautiful sister and meets a serpent in the woods.
521 _a200
_bLexile
521 _aD
_bRaz-Plus
650 _afairy tales
650 _asnakes
650 _ajuvenile literature
942 _2lcc
_cBK
_n0
999 _c454
_d454